Intelligent buildings (Record no. 106082)
[ view plain ]
| 000 -LEADER | |
|---|---|
| fixed length control field | 01472cam a2200421 4500 |
| 001 - CONTROL NUMBER | |
| control field | ##L135511 |
| 008 - FIXED-LENGTH DATA ELEMENTS--GENERAL INFORMATION | |
| fixed length control field | 061103n2004 000 0 eng u |
| 020 ## - INTERNATIONAL STANDARD BOOK NUMBER | |
| International Standard Book Number | 0727732668 |
| 035 ## - SYSTEM CONTROL NUMBER | |
| System control number | (Sirsi) u135511 |
| 041 0# - LANGUAGE CODE | |
| Language code of text/sound track or separate title | eng |
| 050 04 - LIBRARY OF CONGRESS CALL NUMBER | |
| Classification number | 696.9 $2 18 |
| 100 1# - MAIN ENTRY--PERSONAL NAME | |
| Personal name | Clements-Croome, Derek |
| 245 00 - TITLE STATEMENT | |
| Title | Intelligent buildings |
| Remainder of title | design,management and operation |
| 260 ## - PUBLICATION, DISTRIBUTION, ETC. | |
| Place of publication, distribution, etc. | London |
| Name of publisher, distributor, etc. | Thomas Telford |
| Date of publication, distribution, etc. | 2004 |
| 300 ## - PHYSICAL DESCRIPTION | |
| Extent | xiv, 408p. |
| Dimensions | 25cm. |
| 350 ## - PRICE (NR) (BK AM CF MU VM SE) [OBSOLETE] | |
| Price | 49.50 |
| 520 ## - SUMMARY, ETC. | |
| Summary, etc. | Brings together the latest information about the design, technology, financial analysis, project management, facilities management, and sustainability of intelligent buildings. Also addresses the changing nature of how people live and work with information and communication technologies and the role of cultural developments in designing desirable buildings. Includes case studies. |
| 651 #4 - SUBJECT ADDED ENTRY--GEOGRAPHIC NAME | |
| Geographic name | United Kingdom |
| Chronological subdivision | |
| 690 ## - LOCAL SUBJECT ADDED ENTRY--TOPICAL TERM (OCLC, RLIN) | |
| Topical term or geographic name as entry element | BUILT ENVIRONMENT-CONSTRUCTION DESIGN |
| 700 1# - ADDED ENTRY--PERSONAL NAME | |
| Personal name | Himanen, Mervi |
| 700 1# - ADDED ENTRY--PERSONAL NAME | |
| Personal name | Glover, Neil |
| 700 1# - ADDED ENTRY--PERSONAL NAME | |
| Personal name | Corne, David |
| 700 1# - ADDED ENTRY--PERSONAL NAME | |
| Personal name | Liu, Kecheng |
| 700 1# - ADDED ENTRY--PERSONAL NAME | |
| Personal name | Watt Maver, Thomas |
| 700 1# - ADDED ENTRY--PERSONAL NAME | |
| Personal name | Beaven, Michael |
| 700 1# - ADDED ENTRY--PERSONAL NAME | |
| Personal name | Vincent, Julian |
| 700 1# - ADDED ENTRY--PERSONAL NAME | |
| Personal name | Fairey, Victor |
| 700 1# - ADDED ENTRY--PERSONAL NAME | |
| Personal name | Bennett, John |
| 700 1# - ADDED ENTRY--PERSONAL NAME | |
| Personal name | Al-Bizri, Salam |
| 700 1# - ADDED ENTRY--PERSONAL NAME | |
| Personal name | Gray, Colin |
| 700 1# - ADDED ENTRY--PERSONAL NAME | |
| Personal name | Fisher, Norman |
| 700 1# - ADDED ENTRY--PERSONAL NAME | |
| Personal name | Finch, Edward |
| 700 1# - ADDED ENTRY--PERSONAL NAME | |
| Personal name | Clegg, Peter |
| 700 1# - ADDED ENTRY--PERSONAL NAME | |
| Personal name | Gregory, Rob |
| 700 1# - ADDED ENTRY--PERSONAL NAME | |
| Personal name | Parkes, Jeff |
| 700 1# - ADDED ENTRY--PERSONAL NAME | |
| Personal name | Strelitz, Ziona |
| 942 ## - ADDED ENTRY ELEMENTS (KOHA) | |
| Suppress in OPAC | 0 |
| Withdrawn status | Lost status | Source of classification or shelving scheme | Damaged status | Not for loan | Home library | Current library | Shelving location | Date acquired | Cost, normal purchase price | Total Checkouts | Full call number | Barcode | Date last seen | Date last checked out | Copy number | Cost, replacement price | Price effective from | Koha item type |
|---|---|---|---|---|---|---|---|---|---|---|---|---|---|---|---|---|---|---|
| Dewey Decimal Classification | London | London | Books | 12/12/2006 | 42.07 | 7 | 696.9 CLE | 30073485 | 06/08/2019 | 19/12/2007 | 1 | 42.07 | 06/08/2019 | Book |